00478nam a22001697a 4500003000400000008004100004020001800045082001600063100002500079245005700104260003700161300001000198365001800208650002000226650003900246650002300285OSt260625b |||||||| |||| 00| 0 eng d a9789391734442 a746.6bS61F aSingh, Saroj S. Jeet aFundamentals of Textile DyeingcSingh, Saroj S. Jeet aNew DelhibTTPP, New Delhic2022 a175p. e1595.00, INR aTextile dyeing. aDyes and dyeing $x Textile fibers. aTextile chemistry.